| 000 | 00819nam a2200229 i 4500 | ||
|---|---|---|---|
| 001 | bg | ||
| 245 | 0 | 0 |
_aPolska bieda : _bkryteria, ocena, przeciwdziałanie / _cpod red. Stanisławy Golinowskiej ; Instytut Pracy i Spraw Socjalnych. |
| 260 |
_aWarszawa : _bIPiSS, _c1996 _e(Warsz. : _f"Inter-Graf"). |
||
| 300 |
_a425 s. : _bmapa, wykr. ; _c24 cm. |
||
| 504 | _aBibliogr. przy tekstach. - Spis treści także ang. | ||
| 650 | 9 |
_aPolityka społeczna _zPolska _yod 1989 r. |
|
| 650 | 9 |
_aUbóstwo _zPolska _yod 1989 r. |
|
| 700 | 1 |
_aGOLINOWSKA, Stanisława. _eRed. |
|
| 710 | 0 | _aInstytut Pracy i Spraw Socjalnych (Warszawa) | |
| 020 | _a8390450739 | ||
| 040 | _cBPK | ||
| 041 | 0 |
_apl _ben |
|
| 080 | _a330.59:304](438)"1989/..." | ||
| 920 | _a83-904507-3-9 | ||
| 942 | _cKS | ||
| 008 | s pl f |000 0 pol | ||
| 999 |
_c34719 _d34719 |
||
| 856 |
_uhttp://koha.tu.koszalin.pl/cgi-bin/koha/opac-detail.pl?biblionumber=34719 _yKatalog online BPK |
||